000 00558nam a22002057a 4500
999 _c7980
_d7980
003 OSt
005 20220812114645.0
008 220812b ||||| |||| 00| 0 eng d
020 _a9781032098272
040 _cDDC
082 _a630 PRE 2016
100 _aZhang, Qin
_916206
245 _aPrecision Agriculture Technology for crop Farming.
260 _aNew York:
_bCRC Press;
_c2016,
300 _axiv,360p.:
_bill;
_c26cm.
504 _aIndex included.
650 _a Agriculture Technology
_916207
650 _aCrop Farming.
_916208
942 _2ddc
_cBOOK